Visa-free access for Spanish passport holders - Statistics

General Stats
  • This quiz has been taken 31 times
    27 since last reset
  • The average score is 124 of 155
Answer Stats
Countries % Correct
Andorra
94%
Armenia
94%
Austria
94%
Belgium
94%
Croatia
94%
Liechtenstein
94%
Portugal
94%
Switzerland
94%
Albania
88%
Australia
88%
Bahamas
88%
Canada
88%
Estonia
88%
Ethiopia
88%
Finland
88%
France
88%
Gambia
88%
Georgia
88%
Germany
88%
Greece
88%
Guatemala
88%
Hungary
88%
Indonesia
88%
Ireland
88%
Italy
88%
Kosovo
88%
Latvia
88%
Lesotho
88%
Lithuania
88%
Luxembourg
88%
Malaysia
88%
Monaco
88%
Montenegro
88%
New Zealand
88%
Norway
88%
Philippines
88%
San Marino
88%
Senegal
88%
Serbia
88%
Slovakia
88%
Slovenia
88%
South Africa
88%
Sweden
88%
United Arab Emirates
88%
United Kingdom
88%
United States
88%
Vatican City
88%
Zambia
88%
Argentina
81%
Bahrain
81%
Belize
81%
Bolivia
81%
Bosnia and Herzegovina
81%
Brazil
81%
Bulgaria
81%
Cambodia
81%
Chile
81%
Colombia
81%
Cyprus
81%
Czech Republic
81%
Denmark
81%
Dominican Republic
81%
Ecuador
81%
Egypt
81%
Federated States of Micronesia
81%
Guyana
81%
Honduras
81%
Iceland
81%
Japan
81%
Kazakhstan
81%
Kenya
81%
Kuwait
81%
Laos
81%
Madagascar
81%
Malta
81%
Mauritius
81%
Mexico
81%
Moldova
81%
Morocco
81%
Mozambique
81%
Namibia
81%
Netherlands
81%
Nicaragua
81%
Oman
81%
Panama
81%
Peru
81%
Qatar
81%
Romania
81%
Saint Kitts and Nevis
81%
Singapore
81%
South Korea
81%
Swaziland
81%
Taiwan
81%
Tanzania
81%
Thailand
81%
Togo
81%
Trinidad and Tobago
81%
Tuvalu
81%
Ukraine
81%
Uruguay
81%
Vanuatu
81%
Venezuela
81%
Zimbabwe
81%
Antigua and Barbuda
75%
Bangladesh
75%
Barbados
75%
Belarus
75%
Benin
75%
Cape Verde
75%
Costa Rica
75%
Djibouti
75%
El Salvador
75%
Fiji
75%
Guinea-Bissau
75%
Iran
75%
Israel
75%
Jordan
75%
Kyrgyzstan
75%
Lebanon
75%
Macedonia
75%
Maldives
75%
Mauritania
75%
Nepal
75%
Palau
75%
Paraguay
75%
Poland
75%
Saint Lucia
75%
Seychelles
75%
Suriname
75%
Tajikistan
75%
Tunisia
75%
Uganda
75%
Vietnam
75%
Botswana
69%
Burkina Faso
69%
Dominica
69%
Grenada
69%
Haiti
69%
Kiribati
69%
Malawi
69%
Marshall Islands
69%
Papua New Guinea
69%
Rwanda
69%
Saint Vincent and the Grenadines
69%
Samoa
69%
Solomon Islands
69%
Somalia
69%
Tonga
69%
Brunei
63%
Comoros
63%
East Timor
63%
Jamaica
63%
Sao Tome and Principe
63%
Sri Lanka
63%
Gabon
56%
No matching quizzes found
Score Distribution
Percent of People with Each Score
Percentile by Number Answered
Your Score History
You have not taken this quiz since the last reset